000 01496nam0a2200397 4500
001 RU\NLR\BIBL_A\011694871
005 20180517150700.0
010 _a978-5-9904298-8-8
021 _aRU
_bКН-П-18-024028
_9КН-П-18-1746
035 _a(NLR Aleph) 011694871
035 _a(RuMoRGB)009590288
090 _a11358389
_c11358389
100 _a20180508d2018 k y0rusy50 ca
101 0 _arus
102 _aRU
105 _ay z 000zy
200 1 _aДоменные имена. Правовое регулирование
_e[монография]
_fА. Г. Серго
205 _aИзд. 4-е, испр. и доп.
210 _aМосква
_c[б. и.]
_d2018
215 _a331 с.
_d21
300 _aНа обороте тит. л.: Серго А. Г., д.ю.н., проф.
320 _aБиблиогр. в подстроч. примеч.
333 _a16+
517 1 _aПравовое регулирование
606 1 _aINTERNET, глобальная информационная сеть
_xИмена доменов
_xГражданско-правовые вопросы
_2nlr_sh2
_3RU\NLR\AUTH\661557149
686 _aХ623.012.08,0
_2rubbk
686 _aХ629.221-8,0
_2rubbk
686 1 _aХ833.3
686 1 _aХ623.3
700 1 _aСерго
_bА. Г.
_gАнтон Геннадьевич
942 _cBOOK
980 _aSCAN_DONE
980 _aNBR
980 _aNB